[Event "Paris Blitz op"]
[Site "Paris"]
[Date "2023.03.05"]
[Round "8"]
[White "Bauer, Christian"]
[Black "Travadon, Loic"]
[Result "0-1"]
[WhiteElo "2596"]
[BlackElo "2459"]
[PlyCount "110"]
[EventDate "2023.03.05"]
[EventType "swiss (blitz)"]
[EventRounds "11"]
[EventCountry "FRA"]
[SourceTitle "CBM 213 Extra"]
[Source "ChessBase"]
[SourceDate "2023.05.31"]
[SourceVersion "1"]
[SourceVersionDate "2023.05.31"]
[SourceQuality "1"]

1. e4 e5 2. Bc4 Nf6 3. d3 Bc5 4. Nf3 d6 5. c3 Nc6 6. Bb3 a6 7. h3 Ba7 8. Nbd2 0-0 9. Nh2 Ne7 10. Ndf1 Ng6 11. Ng3 Be6 12. Ng4 Bxb3 13. axb3 Ne8 14. h4 Ne7 15. Qf3 Qd7 16. Be3 f5 17. exf5 Nxf5 18. Qd5+ Kh8 19. Nxe5 Qe7 20. Bxa7 Nxg3 21. fxg3 Rxa7 22. 0-0-0 Qxe5 23. Qxe5 dxe5 24. Rhe1 Ra8 25. Rxe5 Nd6 26. Re7 Rac8 27. Rde1 Rfe8 28. g4 Kg8 29. Kd2 Kf8 30. Rxe8+ Rxe8 31. Rf1+ Ke7 32. Re1+ Kd7 33. Rf1 Ke7 34. Re1+ Kd7 35. Rf1 a5 36. Rf4 b6 37. b4 axb4 38. Rxb4 Rf8 39. Ke2 Ke6 40. Ra4 Kd5 41. g3 Re8+ 42. Kf2 Rf8+ 43. Ke2 Rf7 44. Ra8 Re7+ 45. Kf2 Nf7 46. d4 Kc4 47. Ra4+ Kd3 48. d5 Nd6 49. Kf3 Nc4 50. b4 Rf7+ 51. Kg2 Ne3+ 52. Kh3 Rf1 53. Kh2 Nxg4+ 54. Kh3 h5 55. Ra7 Rf2 0-1

[Event "Paris Rapid op"]
[Site "Paris"]
[Date "2023.03.04"]
[Round "2"]
[White "Bauer, Christian"]
[Black "Msellek, Ilyass"]
[Result "1-0"]
[WhiteElo "2596"]
[BlackElo "2409"]
[PlyCount "66"]
[EventDate "2023.03.04"]
[EventType "swiss (rapid)"]
[EventRounds "9"]
[EventCountry "FRA"]
[SourceTitle "CBM 213 Extra"]
[Source "ChessBase"]
[SourceDate "2023.05.31"]
[SourceVersion "1"]
[SourceVersionDate "2023.05.31"]
[SourceQuality "1"]

1. e4 d6 2. d4 Nf6 3. Nc3 e5 4. Nf3 Nbd7 5. Rg1 c6 6. g4 exd4 7. Nxd4 h6 8. Be3 Nc5 9. f3 Ne6 10. Qe2 Nxd4 11. Bxd4 Be6 12. 0-0-0 Qa5 13. a3 0-0-0 14. h4 Be7 15. g5 Nh5 16. Be3 hxg5 17. hxg5 Kb8 18. f4 f5 19. Rd4 Qb6 20. exf5 Bxf5 21. Ra4 c5 22. Nd5 Qc6 23. Nxe7 Qxa4 24. Nxf5 Nxf4 25. Qc4 Qxc4 26. Bxc4 Ng6 27. Nxg7 Ne5 28. Bd5 Rdf8 29. Ne6 Rfg8 30. Nxc5 dxc5 31. Bxg8 Nf3 32. Rf1 Nxg5 33. Bxg5 Kc8 1-0

[Event "Paris Rapid op"]
[Site "Paris"]
[Date "2023.03.04"]
[Round "4"]
[White "Bauer, Christian"]
[Black "Shchekachev, Andrei"]
[Result "1/2-1/2"]
[WhiteElo "2596"]
[BlackElo "2511"]
[PlyCount "59"]
[EventDate "2023.03.04"]
[EventType "swiss (rapid)"]
[EventRounds "9"]
[EventCountry "FRA"]
[SourceTitle "CBM 213 Extra"]
[Source "ChessBase"]
[SourceDate "2023.05.31"]
[SourceVersion "1"]
[SourceVersionDate "2023.05.31"]
[SourceQuality "1"]

1. e4 c5 2. Nf3 d6 3. Bc4 Nc6 4. c3 Nf6 5. d3 a6 6. Bb3 Bg4 7. h3 Bh5 8. g4 Bg6 9. Nh4 e5 10. Qf3 Na5 11. Bc2 Be7 12. Nf5 Bxf5 13. gxf5 g6 14. Nd2 Qd7 15. Nc4 Nxc4 16. dxc4 gxf5 17. exf5 Rg8 18. Be3 Qc6 19. Qxc6+ bxc6 20. Ke2 0-0-0 21. Rhg1 d5 22. Bg5 d4 23. Bxf6 Bxf6 24. Be4 Kc7 25. Rg3 Bh4 26. Rg4 Rxg4 27. hxg4 Bg5 28. Rd1 h6 29. Rd3 dxc3 30. Rxd8 1/2-1/2

[Event "BL2-Sued 2223"]
[Site "Germany"]
[Date "2022.11.27"]
[Round "4.1"]
[White "Bauer, Christian"]
[Black "Bernadskiy, Vitaliy"]
[Result "1/2-1/2"]
[WhiteElo "2615"]
[BlackElo "2615"]
[PlyCount "91"]
[EventDate "2022.10.22"]
[EventType "team-tourn"]
[EventRounds "9"]
[EventCountry "GER"]
[SourceTitle "EXT 2024"]
[Source "ChessBase"]
[SourceDate "2023.10.10"]
[SourceVersion "1"]
[SourceVersionDate "2023.10.10"]
[SourceQuality "1"]
[WhiteTeam "Oetigheim"]
[BlackTeam "Hofheim"]
[WhiteTeamCountry "GER"]
[BlackTeamCountry "GER"]

1. d4 Nf6 2. Nf3 d5 3. c4 e6 4. Nc3 Nbd7 5. cxd5 exd5 6. Bf4 c6 7. Qc2 Nb6 8. e3 Bd6 9. Bd3 Bg4 10. Bxd6 Qxd6 11. Ne5 Bd7 12. h3 Rc8 13. 0-0 0-0 14. Rad1 c5 15. Nxd7 Nbxd7 16. dxc5 Rxc5 17. Qa4 a6 18. Rd2 Qe5 19. Qh4 h6 20. Rfd1 Nb6 21. Qb4 Qd6 22. Ne2 Rfc8 23. b3 Qc7 24. Qd4 Qe7 25. Qf4 Qc7 26. Qxc7 R5xc7 27. Bf5 Rd8 28. Rc2 Rxc2 29. Bxc2 g6 30. f3 Rc8 31. Bb1 Kf8 32. Kf2 Ke7 33. g4 Ne8 34. Nf4 Nc7 35. a4 a5 36. h4 g5 37. Ne2 Ne6 38. Bf5 Kf6 39. hxg5+ hxg5 40. Rh1 Nd7 41. Rh6+ Ke7 42. Bxe6 fxe6 43. Rh7+ Kd6 44. Nd4 Rg8 45. Nb5+ Kc6 46. Nd4+ 1/2-1/2

[Event "BL2-Sued 2223"]
[Site "Germany"]
[Date "2022.11.26"]
[Round "3.1"]
[White "Perske, Thore"]
[Black "Bauer, Christian"]
[Result "1/2-1/2"]
[WhiteElo "2437"]
[BlackElo "2615"]
[PlyCount "112"]
[EventDate "2022.10.22"]
[EventType "team-tourn"]
[EventRounds "9"]
[EventCountry "GER"]
[SourceTitle "EXT 2024"]
[Source "ChessBase"]
[SourceDate "2023.10.10"]
[SourceVersion "1"]
[SourceVersionDate "2023.10.10"]
[SourceQuality "1"]
[WhiteTeam "Heidesheim"]
[BlackTeam "Oetigheim"]
[WhiteTeamCountry "GER"]
[BlackTeamCountry "GER"]

1. e4 c6 2. d4 d5 3. Nc3 dxe4 4. Nxe4 Nf6 5. Nxf6+ exf6 6. Nf3 Bd6 7. Bd3 0-0 8. 0-0 Na6 9. c3 Bg4 10. h3 Bh5 11. Re1 Nc7 12. Bf5 Re8 13. Rxe8+ Qxe8 14. Bd2 Nd5 15. g4 Bg6 16. Nh4 Ne7 17. Nxg6 Nxf5 18. gxf5 hxg6 19. fxg6 fxg6 20. Qb3+ Qf7 21. Qxf7+ Kxf7 22. Re1 g5 23. Kg2 Rd8 24. Kf3 Kg6 25. a4 Kf5 26. Re2 a6 27. Re1 Rh8 28. Kg2 g4 29. hxg4+ Kxg4 30. Re6 Rd8 31. Re4+ Kf5 32. Rh4 b5 33. axb5 axb5 34. Rh7 g5 35. Kf3 Re8 36. Rd7 g4+ 37. Kg2 Re6 38. Kf1 Ke4 39. Ke2 f5 40. Rg7 Bf4 41. Be3 Bh6 42. Bxh6 Rxh6 43. Re7+ Kf4 44. Re3 Rh1 45. Rd3 Rh3 46. Rd1 Ke4 47. d5 cxd5 48. Rd4+ Ke5 49. Rb4 f4 50. Rxb5 Rh1 51. Rb8 f3+ 52. Ke3 Re1+ 53. Kd3 Rf1 54. Ke3 Re1+ 55. Kd3 Rf1 56. Ke3 Re1+ 1/2-1/2